banner-ar

التصنيف الجديد للاهداف التعليميه / (Record no. 62548)

MARC details
000 -الفاتح
حقل البيانات ثابتة الطول 01096nam a22002417a 4500
005 - وقت وتاريخ اخر تعامل مع التسجيلة
رقم الضبط 20240530110555.0
008 - عناصر البيانات ثابتة الطول - معلومات عامة
حقل البيانات ثابتة الطول 160809s2013 ua a g b 000 0 ara d
017 ## - رقم الايداع القانونى
رقم الايداع القانونى 2011/8955
المصدر ( الهيئة المختصة) مصر . دار الكتب المصريه
020 ## - الرقم الدولى المعيارى للكتب
الرقم الدولى المعيارى للكتاب 978977052722
040 ## - مصدر الفهرسة
وكالة الفهرسة الأصلية EG-CaGPL
082 04 - رقم تصنيف ديوى العشرى
رقم الطبعة 21
رقم التصنيف 370.11\
رقم المادة م ت
100 1# - المدخل الرئيسى - إسم شخصى
الإسم الشخصى مارزانو، روبرت .
245 12 - بيان العنوان
العنوان التصنيف الجديد للاهداف التعليميه /
بيان المسئوليه,etc تاليف: روبرت مارزانو، جون كيندال ؛ ترجمه فايز مراد مينا ، عبد المسيح سمعان عبد المسيح .
260 ## - PUBLICATION, DISTRIBUTION, ETC. (IMPRINT)
تاريخ النشر أو التوزيع 2013 .
300 ## - الوصف المادى
التعداد 263 ص :
تفاصيل ماديه اخرى للوعاء ايض ؛
أبعاد الوعاء 24 سم .
504 ## - تبصرة ببليوجرافية
تبصرة ببليوجرافية,الخ ببليوجرافيه : ص 251 - 263
650 04 - المدخل الاضافى بالموضوع-مصطلح موضوعى
مصطلح موضوعي التعليم
التقسيم الفرعي العام أغراضه وأهدافه .
700 1# - المدخل الاضافى - اسم شخصى
الإسم الشخصى كيندال ، جون
الدور مؤلف مشارك .
700 1# - المدخل الاضافى - اسم شخصى
الإسم الشخصى فايز مراد مينا
الدور مترجم .
700 1# - المدخل الاضافى - اسم شخصى
الإسم الشخصى عبد المسيح سمعان
الدور مترجم .
942 ## - عناصر المدخل الإضافي( كوها)
مصدر التصنيف او مخطط الترفيف Dewey Decimal Classification
Koha [default] item type كتاب
260 ## - PUBLICATION, DISTRIBUTION, ETC. (IMPRINT)
-- القاهره :
-- مكتبه الانجلو المصريه ،
Holdings
حالة التراجع حالة الفقد حالة تلف ليس للاعارة المكان المؤقت الموقع الحالى تاريخ الاكتساب اجمالي اﻻعارات رقم الطلب الباركود تاريخ اخر مشاهدة تاريخ تفعيل السعر نوع وعاء كوها
        مكتبة القاهرة الكبرى مكتبة القاهرة الكبرى 08/09/2016   370.11\ م ت 162316 08/09/2016 08/09/2016 كتاب

Powered By

EGPV